000 00588nam a22001937a 4500
005 20230627133638.0
008 141104t mx ||||| |||| 00| 0 spa d
050 0 4 _aBL1420
_bA76 1943
100 1 _aArnold, Edwin
245 1 3 _aLa luz de Asia :
_bLa gran abdicación (Mahabhinishkramana) /
_cEdwin Arnold,
250 _a1a ed.
260 _aMéxico :
_bKier
_c1943
300 _a170 p. ;
_c19 cm.
504 _aIncluye: Indice
650 7 _2Lemb
_aFilosofía
_xReligión
650 7 _2Lemb
_aFilosofía
_xBudismo
700 1 _aCabrera,Rafael ,
_eVersión Española
942 _2lcc
_cLIB
999 _c69095
_d69095